Pays les plus belliqueux - Statistiques

Statistiques générales
  • Ce quiz a été pris 229 fois
  • Le résultat moyen est 14 sur 20
Statistiques - réponses
Score Pays % Correct
3 093 Russie
92%
3 369 Irak
89%
3 566 Syrie
89%
2 735 Israël
84%
3 574 Afghanistan
83%
2 921 Corée du Nord
79%
3 072 Pakistan
77%
3 218 République démocratique du Congo
77%
2 710 Mali
74%
3 412 Yemen
74%
2 995 Soudan
73%
3 285 Libye
69%
3 015 Turquie
67%
3 300 Somalie
66%
2 950 Ukraine
65%
3 526 Soudan du Sud
63%
2 800 Liban
58%
3 296 République centrafricaine
49%
2 671 Venezuela
42%
2 898 Liberia
21%
Aucun quiz correspondant
Distribution des résultats
% des personnes avec chaque résultat
Percentile par nombre de réponses
Votre historique - résultats
Vous n’avez pas pris ce quiz